00725nam a2200217 a 450000100100000000500170001000800410002702000150006804000250008310000290010824500680013726000300020530000210023549000130025650000550026950400320032483000190035604900090037595201060038499900170049000003404320200930070727.0110921s2004 es 000 0 spa d a8477371288 aDO-SdBNPbspacBNPHU1 aPardo Mata, Pilar95948310aEgipto :bde la Prehistoria a los faraones /cPilar Pardo Mata. aMadrid :bSílex,c2004. a361 p. ;c23 cm.1 aHistoria aIncluye datos biográficos del autor en la solapa aBibliografía : p.251 -259 0aHistoria92122 aBNPD 0010507-18MOaGRbGRcOId2011-09-21iLF1l0o p34043-10r2020-06-25w2020-06-25y1ZNo se presta c33534d33534